Countries With Two Borders - Sudden Death - Statistics

General Stats
  • This quiz has been taken 2,971 times
    2,948 since last reset
  • The average score is 6 of 18
Answers on the Grid
Answers color-coded by a green-red scale on the quiz's grid according to % correct below.
Andorra
Bangladesh
Belize
Bhutan
Brunei
Costa Rica
Dominican Republic
East Timor
Ecuador
El Salvador
Equatorial Guinea
Estonia
Guinea-Bissau
Guyana
Indonesia
Ireland
Kuwait
Lebanon
Liberia
Liechtenstein
Mexico
Mongolia
Nicaragua
North Korea
Paraguay
Sierra Leone
Somalia
Suriname
Sweden
Switzerland
Togo
Uruguay
 
Answer Stats
Answer % Correct
Andorra
86%
Costa Rica
46%
Bhutan
43%
Belize
40%
Bangladesh
39%
Estonia
39%
Ecuador
38%
Kuwait
30%
Liechtenstein
30%
Mongolia
30%
Sweden
30%
El Salvador
27%
Equatorial Guinea
25%
Guinea-Bissau
24%
Uruguay
24%
Lebanon
18%
Nicaragua
15%
Sierra Leone
8%
No matching quizzes found
Score Distribution
Percent of People with Each Score
Percentile by Number Answered
Your Score History
You have not taken this quiz since the last reset